| 000 | 00906nam a22002777a 4500 | ||
|---|---|---|---|
| 001 | 5177 | ||
| 003 | FISKH | ||
| 005 | 20241118082400.0 | ||
| 008 | 241118b cb ||||| |||| 00| 0 eng d | ||
| 040 |
_aFISKH _beng _cFISKH _dFISKH |
||
| 050 | _aPZ73.R4 | ||
| 082 | _a468 | ||
| 100 |
_aReiser, Lynn _d(1944-) |
||
| 245 |
_aMargaret and margarita margarita y margaret / _cLynn Reiser |
||
| 250 | _aPublished in 1993 | ||
| 260 |
_aNew York : _bScholastic, _c1993. |
||
| 300 |
_a32 pages : _bColor illustrations ; _c22 cm. |
||
| 505 | _aE | ||
| 520 | _aMargaret, who speaks only English, and Margarita, who speaks only Spanish, meet in the park and have fun playing together even though they have different languages. | ||
| 521 | 8 |
_a180L
_bLexile |
|
| 521 | 8 |
_aE
_bRaz-Plus |
|
| 650 |
_2Friendship _aLanguage |
||
| 650 |
_2Communication _aMulticultural |
||
| 942 |
_2ddc _cBK _n0 |
||
| 999 |
_c5177 _d5177 |
||